Eastern Utah Libraries Catalog: Duchesne, Heber, Roosevelt, & Vernal

Rebel genius / (Record no. 250944)

MARC details
000 -LEADER
fixed length control field 03820pam a2200721 i 4500
001 - CONTROL NUMBER
control field 2386178
005 - DATE AND TIME OF LATEST TRANSACTION
control field 20191122134130.0
008 - FIXED-LENGTH DATA ELEMENTS--GENERAL INFORMATION
fixed length control field 160526s2016 nyua c 000 1 eng
010 ## - LIBRARY OF CONGRESS CONTROL NUMBER
LC control number 2016004881
020 ## - INTERNATIONAL STANDARD BOOK NUMBER
International Standard Book Number 9781626723368 (hardback) :
Terms of availability $16.99
020 ## - INTERNATIONAL STANDARD BOOK NUMBER
International Standard Book Number 1626723362 :
Terms of availability $16.99
035 ## - SYSTEM CONTROL NUMBER
System control number (OCoLC)928488411
035 ## - SYSTEM CONTROL NUMBER
System control number (OCoLC)ocn928488411
035 ## - SYSTEM CONTROL NUMBER
System control number 2362212
040 ## - CATALOGING SOURCE
Original cataloging agency DLC
Language of cataloging eng
Description conventions rda
Transcribing agency DLC
042 ## - AUTHENTICATION CODE
Authentication code lcac
-- pcc
049 ## - LOCAL HOLDINGS (OCLC)
Holding library IGAA
050 00 - LIBRARY OF CONGRESS CALL NUMBER
Classification number PZ7.1.D564
Item number Re 2016
082 00 - DEWEY DECIMAL CLASSIFICATION NUMBER
Classification number [Fic]
Edition number 23
092 ## - LOCALLY ASSIGNED DEWEY CALL NUMBER (OCLC)
Classification number F
999 ## - SYSTEM CONTROL NUMBERS (KOHA)
Koha Dewey Subclass [OBSOLETE] F
100 1# - MAIN ENTRY--PERSONAL NAME
Personal name DiMartino, Michael Dante,
Relator term author.
9 (RLIN) 73409
245 10 - TITLE STATEMENT
Title Rebel genius /
Statement of responsibility, etc Michael Dante DiMartino.
250 ## - EDITION STATEMENT
Edition statement First edition.
264 #1 - Production, Publication, Distribution, Manufacture, and Copyright Notice.
Place of production, publication, distribution, manufacture New York :
Name of producer, publisher, distributor, manufacturer Roaring Brook Press,
Date of production, publication, distribution, manufacture, or copyr 2016.
300 ## - PHYSICAL DESCRIPTION
Extent 370 pages :
Other physical details illustrations ;
Dimensions 22 cm.
336 ## - Content Type
Content type term text
337 ## - Media type
Media type term unmediated
338 ## - Carrier type
Carrier type term volume
490 1# - SERIES STATEMENT
Series statement Rebel genius ;
Volume number/sequential designation [1]
520 ## - SUMMARY, ETC.
Summary, etc "In twelve-year-old Giacomo's Renaissance-inspired world, art is powerful, dangerous, and outlawed. Every artist possesses a Genius, a birdlike creature that is the living embodiment of an artist's creative spirit. Those caught with one face severe punishment, so when Giacomo discovers he has a Genius, he knows he's in big trouble"--
521 1# - TARGET AUDIENCE NOTE
Target audience note 8-12.
Source Brodart
521 2# - TARGET AUDIENCE NOTE
Target audience note 3-7.
Source Brodart
526 0# - STUDY PROGRAM INFORMATION NOTE
Program name Accelerated Reader
Interest level MG
Reading level 5.3
Title point value 13
526 0# - STUDY PROGRAM INFORMATION NOTE
Program name Reading Counts
Interest level 6-8
Reading level 4.6
Title point value 20
650 #1 - SUBJECT ADDED ENTRY--TOPICAL TERM
Topical term or geographic name as entry element Creative ability
Form subdivision Fiction.
9 (RLIN) 5695004
650 #1 - SUBJECT ADDED ENTRY--TOPICAL TERM
Topical term or geographic name as entry element Magic
Form subdivision Fiction.
9 (RLIN) 5673694
650 #1 - SUBJECT ADDED ENTRY--TOPICAL TERM
Topical term or geographic name as entry element Art
Form subdivision Fiction.
9 (RLIN) 5693566
650 #1 - SUBJECT ADDED ENTRY--TOPICAL TERM
Topical term or geographic name as entry element Fantasy.
9 (RLIN) 83797
650 #7 - SUBJECT ADDED ENTRY--TOPICAL TERM
Topical term or geographic name as entry element JUVENILE FICTION / Action & Adventure / General.
Source of heading or term bisacsh
9 (RLIN) 5675719
650 #7 - SUBJECT ADDED ENTRY--TOPICAL TERM
Topical term or geographic name as entry element JUVENILE FICTION / Fantasy & Magic.
Source of heading or term bisacsh
9 (RLIN) 5675426
650 #7 - SUBJECT ADDED ENTRY--TOPICAL TERM
Topical term or geographic name as entry element JUVENILE FICTION / Art & Architecture.
Source of heading or term bisacsh
9 (RLIN) 5730682
650 #0 - SUBJECT ADDED ENTRY--TOPICAL TERM
Topical term or geographic name as entry element Creative ability
Form subdivision Juvenile fiction.
9 (RLIN) 5691350
650 #0 - SUBJECT ADDED ENTRY--TOPICAL TERM
Topical term or geographic name as entry element Magic
Form subdivision Juvenile fiction.
9 (RLIN) 5673690
650 #0 - SUBJECT ADDED ENTRY--TOPICAL TERM
Topical term or geographic name as entry element Art
Form subdivision Juvenile fiction.
9 (RLIN) 5706344
655 #0 - INDEX TERM--GENRE/FORM
Genre/form data or focus term Fantasy fiction.
9 (RLIN) 102641
776 08 - ADDITIONAL PHYSICAL FORM ENTRY
Display text Online version:
Main entry heading DiMartino, Michael Dante, author.
Title Rebel genius
Edition First edition.
Place, publisher, and date of publication New York : Roaring Brook Press, 2016
International Standard Book Number 9781626725393
Record control number (DLC) 2016031116
787 0# - NONSPECIFIC RELATIONSHIP ENTRY
Note OCLC Work Id
Other item identifier http://worldcat.org/entity/work/id/2792305710
800 1# - SERIES ADDED ENTRY--PERSONAL NAME
Personal name DiMartino, Michael Dante.
Title of a work Rebel genius ;
Volume/sequential designation [bk. 1].
9 (RLIN) 5807740
942 ## - ADDED ENTRY ELEMENTS (KOHA)
Source of classification or shelving scheme Dewey Decimal Classification
Koha item type BOOK
948 ## - LOCAL PROCESSING INFORMATION (OCLC); SERIES PART DESIGNATOR (RLIN)
Series part designator, SPT (RLIN) BFP
b (OCLC) CHILDREN'S
p (OCLC) X116690512
k (OCLC) J
h (OCLC) F
f (OCLC) 1
r (OCLC) 2
g (OCLC) 1
7 (OCLC) 0
u (OCLC) 3
w (OCLC) 11
s (OCLC) 0
o (OCLC) BFP
0 (OCLC) $16.99
y (OCLC) 99
c (OCLC) 26
j (OCLC) Dewey Decimal
n (OCLC) On-Order
e (OCLC) 1146265-5
9 (OCLC) Item generated Dec 16 2016 9:06AM
948 ## - LOCAL PROCESSING INFORMATION (OCLC); SERIES PART DESIGNATOR (RLIN)
Series part designator, SPT (RLIN) CCL
b (OCLC) CHILDREN'S
p (OCLC) X116690520
k (OCLC) J
h (OCLC) F
f (OCLC) 1
r (OCLC) 2
g (OCLC) 1
7 (OCLC) 0
u (OCLC) 3
w (OCLC) 11
s (OCLC) 0
o (OCLC) CCL
0 (OCLC) $16.99
y (OCLC) 99
c (OCLC) 26
j (OCLC) Dewey Decimal
n (OCLC) On-Order
e (OCLC) 1146265-4
9 (OCLC) Item generated Dec 16 2016 9:06AM
948 ## - LOCAL PROCESSING INFORMATION (OCLC); SERIES PART DESIGNATOR (RLIN)
Series part designator, SPT (RLIN) BGP
b (OCLC) CHILDREN'S
p (OCLC) X116690538
k (OCLC) J
h (OCLC) F
f (OCLC) 1
r (OCLC) 2
g (OCLC) 1
7 (OCLC) 0
u (OCLC) 3
w (OCLC) 11
s (OCLC) 0
o (OCLC) BGP
0 (OCLC) $16.99
y (OCLC) 99
c (OCLC) 26
j (OCLC) Dewey Decimal
n (OCLC) On-Order
e (OCLC) 1146265-2
9 (OCLC) Item generated Dec 16 2016 9:06AM
948 ## - LOCAL PROCESSING INFORMATION (OCLC); SERIES PART DESIGNATOR (RLIN)
Series part designator, SPT (RLIN) BHH
b (OCLC) CHILDREN'S
p (OCLC) X116690546
k (OCLC) J
h (OCLC) F
f (OCLC) 1
r (OCLC) 2
g (OCLC) 1
7 (OCLC) 0
u (OCLC) 3
w (OCLC) 11
s (OCLC) 0
o (OCLC) BHH
0 (OCLC) $16.99
y (OCLC) 99
c (OCLC) 26
j (OCLC) Dewey Decimal
n (OCLC) On-Order
e (OCLC) 1146265-3
9 (OCLC) Item generated Dec 16 2016 9:06AM
948 ## - LOCAL PROCESSING INFORMATION (OCLC); SERIES PART DESIGNATOR (RLIN)
Series part designator, SPT (RLIN) BBL
b (OCLC) CHILDREN'S
p (OCLC) X116690553
k (OCLC) J
h (OCLC) F
f (OCLC) 1
r (OCLC) 2
g (OCLC) 1
7 (OCLC) 0
u (OCLC) 3
w (OCLC) 11
s (OCLC) 0
o (OCLC) BBL
0 (OCLC) $16.99
y (OCLC) 99
c (OCLC) 26
j (OCLC) Dewey Decimal
n (OCLC) On-Order
e (OCLC) 1146265-6
9 (OCLC) Item generated Dec 16 2016 9:06AM
948 ## - LOCAL PROCESSING INFORMATION (OCLC); SERIES PART DESIGNATOR (RLIN)
Series part designator, SPT (RLIN) BNO
b (OCLC) CHILDREN'S
p (OCLC) X116690561
k (OCLC) J
h (OCLC) F
f (OCLC) 1
r (OCLC) 2
g (OCLC) 1
7 (OCLC) 0
u (OCLC) 3
w (OCLC) 11
s (OCLC) 0
o (OCLC) BNO
0 (OCLC) $16.99
y (OCLC) 99
c (OCLC) 26
j (OCLC) Dewey Decimal
n (OCLC) On-Order
e (OCLC) 1146265-1
9 (OCLC) Item generated Dec 16 2016 9:06AM
Holdings
Withdrawn status Lost status Source of classification or shelving scheme Damaged status Not for loan Collection code Home library Current library Shelving location Date acquired Cost, normal purchase price Total Checkouts Total Renewals Full call number Barcode Date last seen Date checked out Cost, replacement price Price effective from Koha item type
    Dewey Decimal Classification     Junior Fiction Wasatch County Library Wasatch County Library Main Floor Junior Area 04/06/2018 16.99 10 3 J DiMartino 34301001724865 02/25/2026 02/17/2026 16.99 03/20/2020 BOOK
This project was made possible through a grant from the Institute of Museum and Library Service administered by the Utah State Library Division.

Wasatch County Library

  • 465 East 1200 South, Heber City, Utah 84032
  • Phone 435-654-1511 | Fax 435-654-6456

Hours

  • Monday - Friday 9:30 AM - 8:00 PM
  • Saturday 9:30 AM - 1:30 PM
  • Closed Sundays and Holidays